[Event "Elitzur Int Online"]
[Site "Chess.com INT"]
[Date "2020.11.01"]
[Round "2"]
[White "Alexeev, Nikita"]
[Black "Efroimski, Marsel"]
[Result "0-1"]
[WhiteElo "1472"]
[BlackElo "2347"]
[PlyCount "94"]
[EventDate "2020.11.01"]
[EventType "swiss (blitz)"]
[EventRounds "11"]
[EventCountry "ISR"]
[SourceTitle "CBM 199 Extra"]
[Source "ChessBase"]
[SourceDate "2021.01.31"]
[SourceVersion "1"]
[SourceVersionDate "2021.01.31"]
[SourceQuality "1"]

1. Nf3 g6 2. g3 Bg7 3. Bg2 e5 4. d3 Ne7 5. c4 0-0 6. Nc3 f5 7. 0-0 c6 8. Bg5 h6 9. Bxe7 Qxe7 10. Qd2 d6 11. e4 f4 12. d4 g5 13. dxe5 dxe5 14. Rad1 Be6 15. h3 Bxc4 16. Rfe1 Be6 17. g4 Nd7 18. Qd6 Qxd6 19. Rxd6 Rfe8 20. Red1 Nb6 21. b3 Kf7 22. Ne1 Ke7 23. R6d2 Red8 24. Rxd8 Rxd8 25. Rxd8 Kxd8 26. Nd3 Nd7 27. f3 Bf8 28. Kf2 Bd6 29. Ke2 Nc5 30. Nxc5 Bxc5 31. Kd3 b5 32. Nb1 Kc7 33. Kc3 Bd4+ 34. Kb4 Kb6 35. a4 a5+ 36. Ka3 b4+ 37. Ka2 Bc3 38. Bf1 Kc5 39. Bd3 Kd4 40. Bc2 Ke3 41. Bd1 c5 42. Nxc3 bxc3 43. Kb1 Kd2 44. Bc2 c4 45. bxc4 Bxc4 46. h4 gxh4 47. Ka1 h3 0-1